000 00458nam a2200193Ia 4500
008 210210b1949 xxu||||| |||| 00| 0 eng d
041 _aeng
082 _a514/15
100 _aBELL (R J T)
245 _aCo-ordinate geometry of three dimensions
260 _aLondon
_bMacmillan & Co. Ltd.
_c1949
650 _athree
650 _aof
650 _ageometry
650 _adimensions
650 _aCo-ordinate
690 _aGeometry
906 _a007461
999 _c139955
_d139955